| 000 | 00607cab a2200217 4500 | ||
|---|---|---|---|
| 001 | X97324 | ||
| 008 | 090401t1999 xxu||||| |||| 00| 0 eng d | ||
| 035 | _a(Sirsi) u92001 | ||
| 041 | _aeng | ||
| 245 | _aInsolvency | ||
| 260 | _c1999 | ||
| 350 | _a0 | ||
| 490 |
_aEstates Gazette Case Summaries _v[1999] EGCS 17 (6/3/99) |
||
| 650 | _aCHRISTOPHER MORAN HOLDINGS LTD V BAIRSTOW AND ANOTHER | ||
| 650 | _aINSOLVENCY ACT 1986 S178 | ||
| 650 |
_aInsolvency _96247 |
||
| 650 | _aVOLUNTARY LIQUIDATION | ||
| 690 | _aLANDLORD AND TENANT-CASE LAW-BUSINESS TENANCIES | ||
| 942 | _n0 | ||
| 948 | _c11/03/1999 | ||
| 999 |
_c58341 _d58341 |
||